Etnicidad y poder en los países andinos

Saved in:
Bibliographic Details
Main Authors: Büschges, Christian (Author), Bustos, Guillermo (Author), Kaltmeier, Olaf (Author)
Format: Book
Language:Spanish
Published: Quito Corporacion Editora Nacional 2007
Edition:1a. ed
Series:Biblioteca de Ciencias Sociales, 58
Subjects:
Tags: Add Tag
No Tags, Be the first to tag this record!

MARC

LEADER 00000nam a2200000 a 4500
001 UCH4831
003 CL-VaPUC
005 20240125113217.0
008 090910e20070000ec 1 spa d
020 |a 9789978844519 
082 0 4 |a 305.8  |b BUS  |2 21 
100 1 |a Büschges, Christian  |e author  |9 621448 
700 1 |a Bustos, Guillermo  |e author  |9 621449 
700 1 |a Kaltmeier, Olaf  |e author  |9 621450 
245 1 0 |a Etnicidad y poder en los países andinos 
250 |a 1a. ed 
260 |a Quito  |b Corporacion Editora Nacional  |c 2007 
300 |a 295 p 
490 0 |a Biblioteca de Ciencias Sociales, 58 
583 |a last modification  |c 20190910 11:23:54  |k Rodrigo Vera 
650 0 0 |a Etnología   |9 258726 
650 0 0 |a Antropología cultural y social   |9 265143 
650 0 7 |a PARTICIPACION POLITICA  |2 CL-VaPUC  |9 621452 
650 0 7 |a EVANGELIZACION  |2 CL-VaPUC  |9 621453 
650 0 7 |a ETNICIDAD  |2 CL-VaPUC  |9 621454 
650 0 0 |a Congresos  |9 257560 
942 |c BK 
945 |a rbrito  |d 20090910 00:00:00 
546 |a En Español 
536 |a Universidad Andina Simón Bolivar 
518 |p El reto de la etnicidad en espacio político siglos XIX-XX, 1, Quito, 2005 
999 |c 384464  |d 384462 
952 |0 0  |1 0  |4 0  |6 305_800000000000000_BUS_2007  |7 0  |8 A  |9 507212  |a BIBHIS  |b BIBHIS  |d 2020-01-23  |i 4600223  |o 305.8 BUS 2007  |p 4600223  |r 2025-01-20  |w 2020-01-23  |y BK  |k HIS